<?xml version="1.0" encoding="UTF-8"?>
<collection xmlns="http://www.loc.gov/MARC21/slim">
 <record>
  <leader>01134nam a22002171  4500</leader>
  <controlfield tag="001">1/10446</controlfield>
  <controlfield tag="008">970609s1986    gr            000 0 gre d</controlfield>
  <datafield tag="035" ind1=" " ind2=" ">
   <subfield code="l">10793</subfield>
  </datafield>
  <datafield tag="040" ind1=" " ind2=" ">
   <subfield code="a">GR-PeUP</subfield>
  </datafield>
  <datafield tag="082" ind1="0" ind2="0">
   <subfield code="a">889.34 308 1 ΚΑ</subfield>
  </datafield>
  <datafield tag="100" ind1="1" ind2=" ">
   <subfield code="a">Καζαντζάκης, Νίκος,</subfield>
   <subfield code="d">1883-1957.</subfield>
  </datafield>
  <datafield tag="245" ind1="1" ind2="0">
   <subfield code="a">Μέγας Αλέξανδρος :</subfield>
   <subfield code="b">ιστορικό μυθιστόρημα για παιδιά /</subfield>
   <subfield code="c">Νίκου Καζαντζάκη.</subfield>
  </datafield>
  <datafield tag="260" ind1=" " ind2=" ">
   <subfield code="a">Αθήνα :</subfield>
   <subfield code="b">Εκδόσεις Ελένη Ν. Καζαντζάκη,</subfield>
   <subfield code="c">1986.</subfield>
  </datafield>
  <datafield tag="300" ind1=" " ind2=" ">
   <subfield code="a">330 σ. :</subfield>
   <subfield code="b">εικ. ;</subfield>
   <subfield code="c">23 εκ.</subfield>
  </datafield>
  <datafield tag="600" ind1="0" ind2="4">
   <subfield code="a">Αλέξανδρος,</subfield>
   <subfield code="c">Ο Μέγας,</subfield>
   <subfield code="d">356-323.</subfield>
  </datafield>
  <datafield tag="650" ind1=" " ind2="4">
   <subfield code="a">Ελληνικό μυθιστόρημα.</subfield>
  </datafield>
  <datafield tag="650" ind1=" " ind2="4">
   <subfield code="a">Παιδική λογοτεχνία, Ελληνική.</subfield>
  </datafield>
  <datafield tag="651" ind1=" " ind2="4">
   <subfield code="a">Ελλάδα</subfield>
   <subfield code="x">Βασιλείς και κυβερνήτες</subfield>
   <subfield code="x">Μυθιστόρημα.</subfield>
  </datafield>
  <datafield tag="700" ind1="1" ind2=" ">
   <subfield code="a">Τάσσος, Αλεβίζος</subfield>
   <subfield code="d">1914-1985,</subfield>
   <subfield code="e">εικ.</subfield>
  </datafield>
  <datafield tag="852" ind1=" " ind2=" ">
   <subfield code="a">INST</subfield>
   <subfield code="b">UNIPILB</subfield>
   <subfield code="c">MAIN</subfield>
   <subfield code="e">20040709</subfield>
   <subfield code="h">889.34 308 1 ΚΑ</subfield>
   <subfield code="p">00126118</subfield>
   <subfield code="q">00126118</subfield>
   <subfield code="t">LOAN</subfield>
   <subfield code="y">0</subfield>
   <subfield code="4">1</subfield>
  </datafield>
  <datafield tag="852" ind1=" " ind2=" ">
   <subfield code="a">INST</subfield>
   <subfield code="b">UNIPILB</subfield>
   <subfield code="c">MAIN</subfield>
   <subfield code="e">20040709</subfield>
   <subfield code="h">889.34 308 1 ΚΑ</subfield>
   <subfield code="p">00126119</subfield>
   <subfield code="q">00126119</subfield>
   <subfield code="t">LOAN</subfield>
   <subfield code="y">0</subfield>
   <subfield code="4">2</subfield>
  </datafield>
 </record>
</collection>
